Представление документа в формате RUSMARC

ПолеНазваниеЗначение
  Тип записи a
  Библиографический уровень a
001 Контрольный номер RU/CBS_Ul/BASE/448113747
005 Дата корректировки 20260326163553.2
100 Данные общей обработки __
a Данные общей обработки 20140314d2014 ||| 0rusy0189 ca
101 Язык документа 0_
a Язык текста rus
102 Страна публикации __
a Страна публикации RU
105 Кодированные данные (монография) __
a Кодированные данные (монография) y###||||000|y
200 Заглавие и сведения об ответственности 1_
a Заглавие Вьюн со сладкими клубнями
b Общее обозначение материала Текст
e Сведения, относящиеся к заглавию [выращивание батата]
f Первые сведения об ответственности Е. Близнюк
300 Общие примечания __
a Общие примечания Ограничения по возрасту - 12+
461 Уровень набора _0
1 2000
a Приусадебное хозяйство
463 Уровень физической единицы _0
1 2000
a № 3
v С. 36-38 : фото
1 2101
d 2014
1 001RU/CBS_Ul/BASE/448112772
606 Тематические рубрики 0_
a Основная рубрика Батат - Выращивание
610 Ключевые слова 0_
a Ключевые слова батат
a Ключевые слова выращивание батата
a Ключевые слова корнеплоды
a Ключевые слова сладкий картофель
686 Индексы других классификаций __
a Классификационный индекс 42.156
2 Код системы ББК
700 Автор _1
a Фамилия Близнюк
b Имя (инициалы) Е.
801 Источник записи _0
a Страна RU
b Организация МБУК ЦБС г. Ульяновска
c Дата составления 20140314
g Правила каталогизации RCR
801 Источник записи _1
a Страна RU
b Организация МБУК ЦБС г. Ульяновска
c Дата составления 20140314
g Правила каталогизации RCR
901 Тип документа __
t Тип документа b
w Контрольный № источника RU/CBS_Ul/BASE/448112772
910 Корректоры записи __
a Корректор записи Библиотека 27
938 Служебная информация __
a Имя БД period